Welcome to CU Library Online Public Access Catalogue (OPAC)

How soccer explains the world : (Record no. 9518)

MARC details
000 -LEADER
fixed length control field 00828cam a22002295a 4500
001 - CONTROL NUMBER
control field 13724432
005 - DATE AND TIME OF LATEST TRANSACTION
control field 20260422152147.0
008 - FIXED-LENGTH DATA ELEMENTS--GENERAL INFORMATION
fixed length control field 040920s2004 nyu b 001 0 eng d
020 ## - INTERNATIONAL STANDARD BOOK NUMBER
International Standard Book Number 0066212340
020 ## - INTERNATIONAL STANDARD BOOK NUMBER
International Standard Book Number 9780066212340
050 00 - LIBRARY OF CONGRESS CALL NUMBER
Classification number GV943.9.S64
Item number F64 2004
082 00 - DEWEY DECIMAL CLASSIFICATION NUMBER
Classification number 796.334
Edition information 22
100 1# - MAIN ENTRY--PERSONAL NAME
Personal name Foer, Franklin.
245 10 - TITLE STATEMENT
Title How soccer explains the world :
Remainder of title an unlikely theory of globalization /
Statement of responsibility, etc. Franklin Foer.
260 ## - PUBLICATION, DISTRIBUTION, ETC.
Place of publication, distribution, etc. New York :
Name of publisher, distributor, etc. HarperCollins,
Date of publication, distribution, etc. c2004.
300 ## - PHYSICAL DESCRIPTION
Extent 261 p. ;
Dimensions 24 cm.
650 #0 - SUBJECT ADDED ENTRY--TOPICAL TERM
Topical term or geographic name entry element Soccer
General subdivision Social aspects.
650 #0 - SUBJECT ADDED ENTRY--TOPICAL TERM
Topical term or geographic name entry element Sports and globalization.
856 42 - ELECTRONIC LOCATION AND ACCESS
Materials specified Contributor biographical information
Uniform Resource Identifier <a href="http://www.loc.gov/catdir/enhancements/fy0911/2004302420-b.html">http://www.loc.gov/catdir/enhancements/fy0911/2004302420-b.html</a>
856 42 - ELECTRONIC LOCATION AND ACCESS
Materials specified Publisher description
Uniform Resource Identifier <a href="http://www.loc.gov/catdir/enhancements/fy0911/2004302420-d.html">http://www.loc.gov/catdir/enhancements/fy0911/2004302420-d.html</a>
942 ## - ADDED ENTRY ELEMENTS (KOHA)
Source of classification or shelving scheme Library of Congress Classification
Koha item type Books
Suppress in OPAC No
999 ## -
-- 9518
-- 9518
Holdings
Withdrawn status Lost status Source of classification or shelving scheme Damaged status Not for loan Collection Home library Current library Shelving location Date acquired Total checkouts Full call number Barcode Date last seen Copy number Price effective from Koha item type
    Library of Congress Classification     Non-fiction Main Library (Kumasi) Main Library (Kumasi) General stacks 04/22/2026   GV943.9.S64F64 FOE bssk00000173 04/22/2026 1 04/22/2026 Books
    Library of Congress Classification     Non-fiction Main Library (Kumasi) Main Library (Kumasi) General stacks 04/22/2026   GV943.9.S64F64 FOE bssk00000174 04/22/2026 2 04/22/2026 Books
© 2023-2024 Copyright: Central University Libraries. All Rights Reserved | Created by: Mahone Tech Office